Dopasuj witaminę do choroby - Statystyki

Ogólne statystyki
  • Ten quiz został rozwiązany 23 razy
  • Średni wynik to 6 z 10
Statystyki odpowiedzi
Choroba Witamina % Poprawnych
Szkorbut C
100%
Kurza ślepota A
94%
Krzywica D
83%
Beri-beri B1
56%
Zaburzenia krzepnięcia krwi K
56%
Niedokrwistość megaloblastyczna B12
50%
Neuropatie obowodowe B6
44%
Zapalenie kącików ust B2
39%
Wady cewy nerwowej u płodu B9 (kwas foliowy)
39%
Pelagra B3
33%
Nie znaleziono quizów pasujących do podanych kryteriów
Rozkład punktacji
Procent ludzi z każdym wynikiem
Percentyl według liczby udzielonych odpowiedzi
Twoja historia wyników
Nie rozwiązałeś tego quizu